|
|
|
|
| LEADER |
00000nab a2200000 a 4500 |
| 001 |
vtls000192877 |
| 003 |
SK-MaSNL |
| 005 |
20260304064028.0 |
| 008 |
250422c1984 xo 0 slo |
| 015 |
|
|
|a SNBRB19rr/mm-uuuuu
|
| 035 |
|
|
|a CL0202990
|
| 035 |
|
|
|a (urnnbn)urn:nbn:sk:snk:ar-006mxi
|
| 035 |
|
|
|a (uuid)ca978b30-78ec-4e34-8e80-e0e03557b71e
|
| 035 |
|
|
|a urn:nbn:sk:snk-ab86kg
|
| 040 |
|
|
|a SNKBUCL
|b slo
|c SNKBUCL
|e AACR2
|
| 041 |
0 |
|
|a eng
|
| 044 |
|
|
|a xo
|c SK
|
| 080 |
|
|
|a 612.43:613.287.1
|2 1981
|
| 080 |
|
|
|a 613.287.1
|2 1981
|
| 100 |
1 |
|
|a Štrbák, Vladimír,
|d 1943-
|4 aut
|9 183911
|
| 245 |
1 |
0 |
|a Hypothalamic-Pituitary-Thyroid System during Suckling Period in Rat and Man
|c V. Štrbák, J. Michaličková
|
| 300 |
|
|
|b Obr. 4., lit. 69 zázn. v angl.
|
| 650 |
0 |
7 |
|a systém hypothalamo-hypofyzárno-thyreoidálny
|2 snkbucl
|9 1351296
|
| 655 |
|
7 |
|a články z novín a časopisov
|2 snkbucl
|9 267496
|
| 700 |
1 |
|
|a Michaličková, Jaroslava,
|d 1914-1993
|4 aut
|9 154211
|
| 773 |
0 |
|
|t Endocrinologia experimentalis
|g Roč. 18, č. 3 (1984), s. 183-196
|
| 850 |
|
|
|a Slovenská národná knižnica
|
| 852 |
|
|
|a Slovenská národná knižnica
|
| 958 |
|
|
|a article9
|
| 958 |
|
|
|a OND
|
| 958 |
|
|
|a RK
|
| 958 |
|
|
|a MI
|
| 958 |
|
|
|a NB
|
| 958 |
|
|
|a EUIPO
|
| 992 |
|
|
|a RBX
|
| 999 |
|
|
|c 2744920
|d 2746850
|